The impact of inequality (Record no. 53637)

MARC details
000 -LEADER
fixed length control field 00575nam a2200193Ia 4500
008 - FIXED-LENGTH DATA ELEMENTS--GENERAL INFORMATION
fixed length control field 191130s2005##################000#0#eng##
020 ## - INTERNATIONAL STANDARD BOOK NUMBER
ISBN 9780415372688
082 ## - DEWEY DECIMAL CLASSIFICATION NUMBER
Classification number 305 WIL
100 ## - MAIN ENTRY--AUTHOR NAME
Personal name Wilkinson, Richard G
245 ## - TITLE STATEMENT
Title The impact of inequality
Statement of responsibility, etc Richard G. Wilkinson
260 ## - PUBLICATION, DISTRIBUTION, ETC. (IMPRINT)
Place of publication New York ; London
Name of publisher Routledge
Year of publication 2005
300 ## - PHYSICAL DESCRIPTION
Number of Pages viii, 355 p. ; 24 cm
500 ## - GENERAL NOTE
General note Includes bibliographical references and index
650 ## - SUBJECT ADDED ENTRY--TOPICAL TERM
Topical Term Equality -- Health aspects
991 ## -
-- 209012
Holdings
Withdrawn status Lost status Damaged status Not for loan Home library Current library Shelving location Date acquired Full call number Accession Number Price effective from Koha item type
        Anna Centenary Library Anna Centenary Library 3RD FLOOR, B WING 09.10.2020 305 WIL 146627 09.10.2020 English Books

Find us on the map